[Event "World Rapid Women 2025"]
[Site "Doha QAT"]
[Date "2025.12.27"]
[Round "5.53"]
[White "Olde, Margareth"]
[Black "Krasteva, Beloslava"]
[Result "1-0"]
[WhiteTitle "WIM"]
[BlackTitle "FM"]
[WhiteElo "2214"]
[BlackElo "2339"]
[WhiteFideId "4503082"]
[BlackFideId "2922029"]
[EventDate "2025.12.26"]

1. d4 d6 2. e4 Nf6 3. Nc3 e5 4. Nf3 Nbd7 5. Rg1 g6 6. Be3 c6 7. Qd2 b5 8. a3 Qc7
9. g4 h5 10. h3 hxg4 11. hxg4 Nb6 12. dxe5 dxe5 13. g5 Ng4 14. Nxb5 cxb5 15.
Bxb5+ Ke7 16. Qb4+ Kd8 17. O-O-O+ Nd7 18. Qb3 Nxe3 19. fxe3 Rb8 20. Qxf7 Rxb5
21. Qf6+ Ke8 22. Qxh8 Qb6 23. Rgf1 Rxb2 24. Nd2 Ra2 25. Nc4 Qc5 26. Nd6+ Ke7 1-0

[Event "World Rapid Women 2025"]
[Site "Doha QAT"]
[Date "2025.12.27"]
[Round "5.54"]
[White "Dwilewicz, Katarzyna"]
[Black "Francisco Guecamburu, Candela Be"]
[Result "1-0"]
[WhiteTitle "WFM"]
[BlackTitle "WGM"]
[WhiteElo "2185"]
[BlackElo "2238"]
[WhiteFideId "1148486"]
[BlackFideId "160911"]
[EventDate "2025.12.26"]

1. e4 c5 2. Nf3 d6 3. d4 cxd4 4. Nxd4 Nf6 5. Nc3 a6 6. g3 e5 7. Nb3 Be7 8. Bg5
Be6 9. Bxf6 Bxf6 10. Qd3 O-O 11. O-O-O Be7 12. f4 b5 13. f5 Bc4 14. Qf3 Nd7 15.
h4 Nb6 16. Na5 Qc7 17. Nxc4 bxc4 18. g4 Rab8 19. g5 f6 20. Qg3 Kh8 21. h5 fxg5
22. h6 g6 23. Bh3 Qc5 24. Rhf1 a5 25. Bg4 a4 26. a3 Bf6 27. Rf2 gxf5 28. Rxf5
Be7 29. Rxf8+ Rxf8 30. Bf5 Qc7 31. Qh3 Rf6 32. Qh5 Bf8 33. Qe8 Qe7 34. Qb8 Nd7
35. Qa8 Nb6 36. Qc6 Qa7 37. Nb5 Qb8 38. Rh1 Qd8 39. Nc7 Qb8 40. Ne8 Rxh6 41.
Rxh6 Bxh6 42. Nxd6 g4+ 43. Kb1 Be3 44. Ne8 Qd8 45. Qe6 Bf4 46. Qf7 Qd1+ 47. Ka2 1-0

[Event "World Rapid Women 2025"]
[Site "Doha QAT"]
[Date "2025.12.27"]
[Round "5.55"]
[White "Iudina, Veronika"]
[Black "Khalilova, Madinabonu"]
[Result "1-0"]
[WhiteTitle "WFM"]
[BlackTitle "WCM"]
[WhiteElo "2204"]
[BlackElo "2241"]
[WhiteFideId "24277916"]
[BlackFideId "14223422"]
[EventDate "2025.12.26"]

1. e4 e5 2. Nf3 Nc6 3. Bb5 a6 4. Ba4 Nf6 5. d3 d6 6. c3 g6 7. O-O Bg7 8. h3 O-O
9. Be3 h6 10. Qe2 b5 11. Bc2 d5 12. Nbd2 Be6 13. Rfd1 d4 14. cxd4 exd4 15. Bf4
Nd7 16. Bb3 Nc5 17. Rac1 Bxb3 18. Nxb3 Ne6 19. Bxh6 Bxh6 20. Rxc6 Bg7 21. Nc5
Qe8 22. Nxe6 Qxc6 23. Nxf8 Rxf8 24. Qd2 Qd6 25. Rc1 c5 26. Qg5 Rc8 27. b3 Rc6
28. h4 Qc7 29. Qd5 b4 30. e5 Qc8 31. Nxd4 Rc7 32. Nf3 Bf8 33. Qe4 Be7 34. Qc4
Bd8 35. Re1 Rc6 36. Qd5 Re6 37. Rc1 Be7 38. d4 c4 39. Rxc4 Qe8 40. Qb7 Kg7 41.
d5 1-0

[Event "World Rapid Women 2025"]
[Site "Doha QAT"]
[Date "2025.12.27"]
[Round "5.56"]
[White "Rouda Essa, Alserkal"]
[Black "Mgeladze, Kesaria"]
[Result "0-1"]
[WhiteTitle "WGM"]
[BlackTitle "WIM"]
[WhiteElo "2052"]
[BlackElo "2195"]
[WhiteFideId "9314318"]
[BlackFideId "13621130"]
[EventDate "2025.12.26"]

1. e4 e6 2. d4 d5 3. Nc3 dxe4 4. Nxe4 Nd7 5. Nf3 Ngf6 6. Bd3 Nxe4 7. Bxe4 Nf6 8.
Bd3 c5 9. dxc5 Bxc5 10. Bb5+ Ke7 11. Qe2 Qb6 12. O-O h6 13. Bd3 Rd8 14. Qe5 Bd6
15. Qc3 Bd7 16. Be3 Qc6 17. Qxc6 Bxc6 18. Nd4 Bd7 19. Nb5 Bxb5 20. Bxb5 Ng4 21.
g3 Nxe3 22. fxe3 h5 23. Rf3 Rh8 24. Raf1 Raf8 25. h3 f5 26. Bc4 g5 27. g4 hxg4
28. hxg4 Rh4 29. Bb3 Rxg4+ 30. Kf2 Rh8 31. Rg1 Rxg1 32. Kxg1 g4 33. Rf1 Bc5 34.
Re1 f4 35. Kg2 Bxe3 36. c3 g3 37. Kf3 Rh2 0-1

[Event "World Rapid Women 2025"]
[Site "Doha QAT"]
[Date "2025.12.27"]
[Round "5.57"]
[White "Toncheva, Nadya"]
[Black "Zvereva, Marija"]
[Result "1-0"]
[WhiteTitle "FM"]
[BlackTitle "WIM"]
[WhiteElo "2362"]
[BlackElo "2007"]
[WhiteFideId "2924056"]
[BlackFideId "4121082"]
[EventDate "2025.12.26"]

1. e4 c5 2. c3 g6 3. d4 cxd4 4. cxd4 Bg7 5. Nc3 d6 6. h3 Nf6 7. Nf3 O-O 8. Be2
b6 9. O-O Bb7 10. d5 Nbd7 11. Re1 Nc5 12. Bf1 Rc8 13. Bg5 h6 14. Bf4 g5 15. Bd2
e6 16. b4 Ncd7 17. dxe6 fxe6 18. Qb3 Qe7 19. Rad1 Qf7 20. Bc4 d5 21. exd5 exd5
22. Bd3 a6 23. Qb1 d4 24. Ne4 Qd5 25. Nxf6+ Nxf6 26. Re7 Rf7 27. Rxf7 Kxf7 28.
Bg6+ Kg8 29. Be3 dxe3 30. Rxd5 exf2+ 31. Kxf2 Nxd5 32. Qf5 Rf8 33. Qe6+ Kh8 34.
Qd7 Ba8 35. Kg1 Nf4 36. Bf5 Ne2+ 37. Kf2 Nc3 38. g4 Nxa2 39. Qe6 Nxb4 40. Ne5
Rf6 41. Ng6+ Kh7 42. Ne7+ Rxf5+ 43. Qxf5+ 1-0

[Event "World Rapid Women 2025"]
[Site "Doha QAT"]
[Date "2025.12.27"]
[Round "5.58"]
[White "Jimenez Fernandez, Rebeca"]
[Black "Zhu, Chen"]
[Result "1/2-1/2"]
[WhiteTitle "WFM"]
[BlackTitle "GM"]
[WhiteElo "2137"]
[BlackElo "2423"]
[WhiteFideId "32070934"]
[BlackFideId "8600546"]
[EventDate "2025.12.26"]

1. e4 e5 2. Nf3 Nc6 3. Bb5 a6 4. Ba4 Nf6 5. O-O Nxe4 6. d4 b5 7. Bb3 d5 8. dxe5
Be6 9. Nbd2 Nc5 10. c3 Be7 11. Bc2 d4 12. Nb3 d3 13. Bb1 Nxb3 14. axb3 Bf5 15.
Re1 O-O 16. Be3 Qd5 17. Bd4 Nxd4 18. cxd4 d2 19. Nxd2 Bxb1 20. Nxb1 b4 21. Qd3
Rfd8 22. Re4 c5 23. Nd2 cxd4 24. Nf3 Qb5 25. Qxb5 axb5 26. Rxa8 Rxa8 27. Kf1 d3
28. Rd4 Ra1+ 29. Ne1 Rb1 30. Rxd3 Rxb2 31. Nf3 h6 32. Nd4 Bc5 33. f4 Bxd4 34.
Rxd4 Rxb3 35. Rd8+ Kh7 36. Rb8 Kg6 37. g4 Rf3+ 38. Kg2 Rxf4 39. Kg3 Rc4 40. Rxb5
Rc3+ 41. Kf4 b3 42. Rb6+ Kh7 43. h4 Rc4+ 44. Kf3 h5 45. gxh5 Rxh4 46. e6 fxe6
47. Rxe6 Rxh5 48. Rb6 Rh3+ 49. Kg4 Rc3 50. Kg5 Kg8 51. Rb7 Kf8 52. Kf5 Rh3 53.
Ke6 Kg8 54. Kf5 Kh7 55. Kg5 Rg3+ 56. Kh5 Kg8 57. Kh4 Rc3 58. Kg5 Kf8 59. Kf5 Ke8
60. Rxg7 Kd8 61. Rb7 Kc8 62. Rb4 Kc7 63. Ke4 Rh3 64. Kd5 Rh5+ 65. Kc4 Rh4+ 66.
Kxb3 Rxb4+ 67. Kxb4 1/2-1/2

[Event "World Rapid Women 2025"]
[Site "Doha QAT"]
[Date "2025.12.27"]
[Round "5.59"]
[White "Gong, Qianyun"]
[Black "Charvi A"]
[Result "1-0"]
[WhiteTitle "WGM"]
[BlackTitle "WFM"]
[WhiteElo "2228"]
[BlackElo "2270"]
[WhiteFideId "8602425"]
[BlackFideId "25165518"]
[EventDate "2025.12.26"]

1. e4 c5 2. Nf3 d6 3. c3 Nf6 4. h3 e5 5. Bd3 Be7 6. Bc2 O-O 7. O-O Nc6 8. d4
exd4 9. cxd4 cxd4 10. Nxd4 Nxd4 11. Qxd4 Be6 12. Nc3 a6 13. Rd1 Qc7 14. Bf4 Rfd8
15. Rac1 Qc5 16. Qd2 Kh8 17. Nd5 Bxd5 18. exd5 Qb5 19. Bf5 g6 20. Rc7 Re8 21.
Qd4 Qxd5 22. Qxd5 Nxd5 23. Rxd5 gxf5 24. Rxf5 Kg7 25. Rxb7 Rab8 26. Rxb8 Rxb8
27. b3 Rb6 28. Rd5 Rc6 29. g4 f6 30. Kg2 Kf7 31. Rh5 Kg6 32. Ra5 Bd8 33. Rd5 Be7
34. a4 Rb6 35. Rd3 Kf7 36. Be3 Rb4 37. f4 d5 38. Bd2 Rb6 39. f5 Bf8 40. Kf3 Be7
41. Ke2 Bf8 42. Kd1 Be7 43. Kc2 Rc6+ 44. Kb2 Bd6 45. Rxd5 Be5+ 46. Kb1 Rb6 47.
b4 Bd6 48. b5 axb5 49. Rxb5 Rc6 50. Rb7+ Kg8 51. a5 Bc5 52. Bc3 Be3 53. Kb2 Bc5
54. Kb3 Be3 55. Re7 Bf2 56. Re6 1-0

[Event "World Rapid Women 2025"]
[Site "Doha QAT"]
[Date "2025.12.27"]
[Round "5.60"]
[White "Li, Xueyi"]
[Black "Lesbekova, Assel"]
[Result "0-1"]
[WhiteTitle "WGM"]
[BlackTitle "WCM"]
[WhiteElo "2202"]
[BlackElo "1948"]
[WhiteFideId "8605912"]
[BlackFideId "13713248"]
[EventDate "2025.12.26"]

1. d4 d5 2. c4 e6 3. Nf3 a6 4. g3 dxc4 5. Bg2 Nc6 6. O-O Rb8 7. Nc3 Nf6 8. a4
Na5 9. e4 Nb3 10. Rb1 b5 11. Ne5 Bd7 12. axb5 axb5 13. Be3 Be7 14. h4 b4 15. Ne2
Bb5 16. Qc2 Na5 17. Rfd1 h5 18. d5 exd5 19. exd5 Bd6 20. Nf3 Qd7 21. Ned4 Ba4
22. Qe2 Bxd1 23. Rxd1 O-O 24. Qc2 g6 25. Bh6 Rfe8 26. Ne6 Kh7 27. Bg5 Ng8 28.
Nf4 Qf5 29. Qa4 Nb3 30. Bh3 Qc2 31. Rf1 Nd4 32. Qxc2 Nxc2 33. Nxh5 Be5 34. Nxe5
Rxe5 35. Nf6+ Nxf6 36. Bxf6 Re1 37. h5 c3 38. bxc3 b3 39. c4 b2 0-1

[Event "World Rapid Women 2025"]
[Site "Doha QAT"]
[Date "2025.12.27"]
[Round "5.61"]
[White "Vo, Thi Kim Phung"]
[Black "Nordahl, Christine"]
[Result "1-0"]
[WhiteTitle "WGM"]
[WhiteElo "2322"]
[BlackElo "1835"]
[WhiteFideId "12401838"]
[BlackFideId "1557939"]
[EventDate "2025.12.26"]

1. d4 Nf6 2. c4 c5 3. d5 e6 4. Nc3 exd5 5. cxd5 d6 6. Nf3 g6 7. e4 a6 8. a4 Bg4
9. h3 Bxf3 10. Qxf3 Bg7 11. Be2 O-O 12. O-O Re8 13. a5 Nbd7 14. Re1 b5 15. axb6
Nxb6 16. Bf4 c4 17. g4 Qc7 18. Qg3 Nxe4 19. Nxe4 Rxe4 20. Bxd6 Qd7 21. Bf3 Rxe1+
22. Rxe1 Rd8 23. Bc7 Rc8 24. Bxb6 Bxb2 25. Qf4 c3 26. Bd4 Re8 27. Rxe8+ Qxe8 28.
Qf6 Kf8 29. Qh8+ Ke7 30. d6+ 1-0

[Event "World Rapid Women 2025"]
[Site "Doha QAT"]
[Date "2025.12.27"]
[Round "5.62"]
[White "Fawaz, Nadia"]
[Black "Rodriguez Redondo, Adhara"]
[Result "0-1"]
[WhiteTitle "WFM"]
[BlackTitle "WFM"]
[WhiteElo "1957"]
[BlackElo "2207"]
[WhiteFideId "5309743"]
[BlackFideId "32065698"]
[EventDate "2025.12.26"]

1. e4 e5 2. Nf3 Nc6 3. Bc4 Bc5 4. c3 Nf6 5. d3 a6 6. a4 Ba7 7. O-O d6 8. h3 h6
9. Re1 g5 10. d4 g4 11. dxe5 gxf3 12. exf6 fxg2 13. Be3 Ne5 14. Bxa7 Rxa7 15.
Nd2 Qxf6 16. Re3 Rg8 17. Qe2 Qh4 18. Nf3 Qxh3 19. Nh2 Qh4 20. Rg3 Rxg3 21. fxg3
Qxg3 22. Bb3 Bh3 23. Qf2 Qxf2+ 24. Kxf2 Ra8 25. Kg3 Be6 26. Bxe6 fxe6 27. Kxg2
Ke7 28. Rh1 Rg8+ 29. Kf1 Rg6 30. Kf2 Nd3+ 31. Ke3 Nxb2 32. Rb1 Nxa4 33. Rxb7 Kd7
34. c4 Nc5 35. Rb1 a5 36. Nf3 a4 37. e5 Rg2 38. exd6 cxd6 39. Rd1 a3 40. Ne5+
Kc7 41. Nf3 a2 42. Nd2 Rxd2 43. Kxd2 a1=Q 44. Rxa1 Nb3+ 0-1

[Event "World Rapid Women 2025"]
[Site "Doha QAT"]
[Date "2025.12.27"]
[Round "5.63"]
[White "Alotaibi, Maitha Abdulrahman A"]
[Black "Jarocka, Liwia"]
[Result "0-1"]
[BlackTitle "FM"]
[WhiteElo "1600"]
[BlackElo "2258"]
[WhiteFideId "21524009"]
[BlackFideId "21807558"]
[EventDate "2025.12.26"]

1. d4 d6 2. c4 e5 3. d5 f5 4. Nf3 Nf6 5. Bg5 Be7 6. Nc3 e4 7. Nd4 O-O 8. e3 c5
9. Ne6 Bxe6 10. dxe6 Nc6 11. Be2 Qc8 12. Bxf6 Rxf6 13. Nd5 Rxe6 14. O-O Kh8 15.
a3 Bf6 16. Rb1 Be5 17. f4 exf3 18. Rxf3 g6 19. Rh3 Qd7 20. Bf3 Rf8 21. Qc2 Ree8
22. Rf1 Qg7 23. b3 Nd8 24. Rd1 Ne6 25. Kh1 b6 26. Be2 Ng5 27. Bf1 Nxh3 28. gxh3
f4 29. exf4 Bxf4 30. Bg2 Be5 31. Qd3 Rf2 32. Qe4 Qf7 33. Re1 Rf8 34. a4 Qf5 35.
Qxf5 R2xf5 36. Ne7 Rf2 37. Nd5 Rb2 38. Nc7 Rff2 39. Rg1 Rxb3 40. Nb5 Rxh3 0-1

[Event "World Rapid Women 2025"]
[Site "Doha QAT"]
[Date "2025.12.27"]
[Round "5.64"]
[White "Lau, Chloe Hailey"]
[Black "Berikkyzy Alanna"]
[Result "0-1"]
[BlackTitle "WFM"]
[WhiteElo "1562"]
[BlackElo "2241"]
[WhiteFideId "6012469"]
[BlackFideId "13780719"]
[EventDate "2025.12.26"]

1. e4 c5 2. Nf3 d6 3. c3 Nf6 4. Be2 Nc6 5. d4 cxd4 6. cxd4 Nxe4 7. d5 Qa5+ 8.
Nc3 Nxc3 9. bxc3 Nb8 10. O-O g6 11. Rb1 Bg7 12. Bb5+ Bd7 13. Bxd7+ Nxd7 14. Qe2
Qxd5 15. Bg5 Nf6 16. Rfd1 Qc6 17. Nd4 Qd7 18. Qf3 d5 19. c4 O-O 20. Bxf6 Bxf6
21. cxd5 Rad8 22. Nb3 b6 23. Rbc1 Rc8 24. Rc6 Rfd8 25. Rdc1 Rxc6 26. dxc6 Qc7
27. h3 Rd6 28. Qf4 Rd1+ 29. Rxd1 Qxf4 30. Rd7 Be5 31. g3 Qc4 32. Rxe7 Bd6 33.
Rxa7 Qxc6 34. Nd4 Qc5 35. Ra8+ Kg7 36. Nb3 Qc2 37. Ra6 Qd1+ 38. Kg2 Bxg3 39.
Rxb6 Qc2 0-1

[Event "World Rapid Women 2025"]
[Site "Doha QAT"]
[Date "2025.12.27"]
[Round "5.65"]
[White "Al-Khulaifi, Ghada"]
[Black "Wafa, Shahenda"]
[Result "0-1"]
[WhiteTitle "WCM"]
[BlackTitle "WGM"]
[WhiteElo "1630"]
[BlackElo "2074"]
[WhiteFideId "12100633"]
[BlackFideId "10609962"]
[EventDate "2025.12.26"]

1. d4 Nf6 2. c4 g6 3. Nc3 Bg7 4. Bf4 d6 5. Nf3 c6 6. e4 O-O 7. h3 Qa5 8. Bd3
Nbd7 9. O-O e5 10. Bd2 Qc7 11. d5 Nc5 12. Bc2 a5 13. Be3 cxd5 14. cxd5 Bd7 15.
a3 b5 16. Rc1 b4 17. axb4 axb4 18. Na4 Bxa4 19. Bxa4 Nfxe4 20. Qc2 Qa5 21. Bc6
b3 22. Qc4 Rab8 23. Ra1 Qb4 24. Qe2 Qb6 25. Nd2 Nxd2 26. Bxd2 Qc7 27. f4 f5 28.
Ra3 e4 29. Rfa1 Bxb2 30. Ra7 Qb6 31. R1a6 Nxa6+ 32. Be3 Bd4 33. Rxa6 Bxe3+ 34.
Kh2 Bxf4+ 35. g3 Qe3 0-1

[Event "World Rapid Women 2025"]
[Site "Doha QAT"]
[Date "2025.12.27"]
[Round "5.66"]
[White "Abrar Mohammed Ahmad Almalki"]
[Black "Parnali, S Dharia"]
[Result "0-1"]
[BlackTitle "WIM"]
[WhiteElo "1826"]
[BlackElo "2150"]
[WhiteFideId "21543143"]
[BlackFideId "5043131"]
[EventDate "2025.12.26"]

1. e4 e5 2. Nf3 Nc6 3. Bc4 Nf6 4. d3 Bc5 5. c3 a6 6. O-O Ba7 7. h3 h6 8. Qb3 O-O
9. Qd1 d6 10. Qe2 Nh5 11. Kh1 Qf6 12. Be3 Bxe3 13. fxe3 Ng3+ 14. Kh2 Nxe2 15.
Nbd2 Qg6 16. Rae1 Ng3 17. Rf2 Nh5 18. Ref1 Qg3+ 19. Kh1 Na5 20. Bb3 Nxb3 21.
axb3 f5 22. Ne1 Qxe3 23. d4 Ng3+ 24. Kg1 Nxf1 25. Nxf1 Qxe1 26. dxe5 dxe5 0-1

[Event "World Rapid Women 2025"]
[Site "Doha QAT"]
[Date "2025.12.27"]
[Round "5.67"]
[White "Yakubbaeva, Nilufar"]
[Black "Miranda Rodriguez, Tania"]
[Result "1-0"]
[WhiteTitle "WGM"]
[BlackTitle "WIM"]
[WhiteElo "2229"]
[BlackElo "2051"]
[WhiteFideId "14204487"]
[BlackFideId "3510417"]
[EventDate "2025.12.26"]

1. d4 d5 2. Nf3 Nf6 3. c4 e6 4. Nc3 Nbd7 5. Bf4 dxc4 6. e3 b5 7. Nxb5 Bb4+ 8.
Nc3 Nd5 9. Qc2 N7b6 10. Bg3 Bb7 11. Be2 O-O 12. O-O Nxc3 13. bxc3 Bd6 14. Nd2
Bxg3 15. hxg3 Rb8 16. e4 f5 17. exf5 exf5 18. Nxc4 f4 19. Ne5 fxg3 20. fxg3 Qg5
21. Qd3 c5 22. Rxf8+ Rxf8 23. Rf1 Rxf1+ 24. Bxf1 Nd5 25. Nf3 Qxg3 26. Qb5 Qb8
27. Bc4 Qc8 28. Ne5 Kf8 29. dxc5 Nxc3 30. Qb4 Nd5 31. Bxd5 Bxd5 32. c6+ Kg8 33.
Qd6 Bxa2 34. c7 1-0

[Event "World Rapid Women 2025"]
[Site "Doha QAT"]
[Date "2025.12.27"]
[Round "5.68"]
[White "Khalil, Manar"]
[Black "Luong Phuong Hanh"]
[Result "0-1"]
[WhiteTitle "WFM"]
[BlackTitle "WIM"]
[WhiteElo "1925"]
[BlackElo "2236"]
[WhiteFideId "7604661"]
[BlackFideId "12401013"]
[EventDate "2025.12.26"]

1. e4 c5 2. Nf3 d6 3. d4 cxd4 4. Nxd4 Nf6 5. Nc3 a6 6. Be2 e5 7. Nb3 Be7 8. Be3
O-O 9. O-O Be6 10. f4 Nc6 11. f5 Bxb3 12. axb3 Nb4 13. Bf3 Rc8 14. Rc1 Re8 15.
Qd2 d5 16. exd5 e4 17. d6 Bxd6 18. Be2 Qc7 19. Bf4 Rcd8 20. Bxd6 Rxd6 21. Qg5
Nc6 22. h4 Nd4 23. h5 h6 24. Qh4 Qc5 25. Qf4 Nxe2+ 0-1

[Event "World Rapid Women 2025"]
[Site "Doha QAT"]
[Date "2025.12.27"]
[Round "5.69"]
[White "Alsemairi, Dalia"]
[Black "Liu, Shilan"]
[Result "0-1"]
[WhiteTitle "WCM"]
[BlackTitle "WGM"]
[WhiteElo "1802"]
[BlackElo "2109"]
[WhiteFideId "21511217"]
[BlackFideId "8600279"]
[EventDate "2025.12.26"]

1. e4 c5 2. c3 d5 3. exd5 Qxd5 4. d4 e6 5. Nf3 Nf6 6. Nbd2 Nc6 7. Bc4 Qd6 8. Nb3
cxd4 9. Nbxd4 a6 10. O-O Be7 11. Qe2 O-O 12. Rd1 Nxd4 13. Nxd4 Nd5 14. Nf5 exf5
15. Rxd5 Qc7 16. g3 b5 17. Bf4 Qxc4 18. Qd2 Bb7 19. Rd7 Qc6 0-1

[Event "World Rapid Women 2025"]
[Site "Doha QAT"]
[Date "2025.12.27"]
[Round "5.70"]
[White "Sawan, Eman"]
[Black "Skaslien, Ingrid"]
[Result "1-0"]
[WhiteTitle "WFM"]
[WhiteElo "1960"]
[BlackElo "2029"]
[WhiteFideId "11511729"]
[BlackFideId "1520660"]
[EventDate "2025.12.26"]

1. e4 e5 2. Nf3 Nc6 3. Bc4 Bc5 4. c3 Nf6 5. d4 exd4 6. e5 d5 7. Bb5 Ne4 8. cxd4
Bb6 9. Be3 O-O 10. Nc3 Bg4 11. h3 Bh5 12. Qc2 Bg6 13. Qb3 Ne7 14. O-O c6 15. Bd3
Nxc3 16. Qxc3 Qd7 17. Nh4 Bxd3 18. Qxd3 f6 19. f4 fxe5 20. fxe5 Qe6 21. b4 a5
22. b5 Bc7 23. Nf3 Nf5 24. bxc6 bxc6 25. Bf2 Qh6 26. Rac1 Rae8 27. Rc2 Re6 28.
Rfc1 Bd8 29. Qd2 Qg6 30. Kh2 h5 31. Qe1 Nh6 32. Bh4 Ng4+ 33. hxg4 hxg4 34. Bxd8
gxf3 35. Qg3 Qh6+ 36. Bh4 Rg6 37. Qh3 f2 38. Rf1 Qf4+ 39. g3 Qxd4 40. Qg2 Rh6
41. Rcxf2 Rxf2 42. Qxf2 Qxe5 43. Qf8+ Kh7 44. Qf5+ Qxf5 45. Rxf5 Re6 46. Rf2 Kg6
47. Rd2 Rd6 48. Be7 Rd7 49. Bc5 Kf5 50. Rd4 g5 51. Kg2 Rb7 52. Kf3 Rb2 53. Ra4
Rc2 54. g4+ Ke5 55. Bd4+ Kd6 56. Rxa5 Rd2 57. Bf6 Rd3+ 58. Kf2 Rd2+ 59. Ke3 Rg2
60. Kf3 Rc2 61. Bxg5 Rc3+ 62. Kf4 Ke6 63. Ra6 Rc4+ 64. Kg3 d4 65. Ra8 Rc2 66.
Rd8 c5 67. a4 Ra2 68. Rc8 Kd5 69. Be7 c4 70. Rd8+ Ke4 71. g5 Rxa4 72. g6 Ra6 73.
Rd6 Ra8 74. g7 Rg8 75. Bf6 d3 76. Rd4+ Ke3 77. Rxc4 Ke2 78. Re4+ Kd1 79. Rg4 Kc2
80. Rc4+ Kd1 81. Rc7 Ke2 82. Bg5 d2 83. Bxd2 Kxd2 84. Kg4 Ke3 85. Kg5 Ke4 86.
Kg6 1-0

[Event "World Rapid Women 2025"]
[Site "Doha QAT"]
[Date "2025.12.27"]
[Round "6.1"]
[White "Zhu, Jiner"]
[Black "Batsiashvili, Nino"]
[Result "1/2-1/2"]
[WhiteTitle "GM"]
[BlackTitle "GM"]
[WhiteElo "2579"]
[BlackElo "2462"]
[WhiteFideId "8608059"]
[BlackFideId "13602993"]
[EventDate "2025.12.26"]

1. d4 d5 2. c4 e6 3. Nc3 Be7 4. Nf3 Nf6 5. Bf4 c5 6. dxc5 Bxc5 7. e3 Nc6 8. Be2
dxc4 9. Bxc4 Qxd1+ 10. Rxd1 Bb4 11. O-O Bxc3 12. bxc3 Bd7 13. Ne5 Nxe5 14. Bxe5
Bc6 15. Be2 O-O 16. c4 Rfd8 17. f3 Rxd1 18. Rxd1 Kf8 19. g4 h6 20. h4 Rc8 21.
Kf2 Nd7 22. Bd6+ Ke8 23. g5 hxg5 24. hxg5 Nf8 25. Be5 Nh7 26. Bxg7 Nxg5 27. Rh1
f5 28. Bf6 Nf7 29. Rh7 Kf8 30. Kg3 Be8 31. e4 Rc6 32. exf5 exf5 33. Bd4 Ra6 34.
Bd3 Bd7 35. c5 Ra4 36. Bf6 Be6 37. Rh4 Rxh4 38. Kxh4 Bxa2 39. Bxf5 Bd5 40. f4 b6
41. cxb6 axb6 42. Bd3 Nd6 43. Be5 1/2-1/2

[Event "World Rapid Women 2025"]
[Site "Doha QAT"]
[Date "2025.12.27"]
[Round "6.2"]
[White "Goryachkina, Aleksandra"]
[Black "Khotenashvili, Bella"]
[Result "1-0"]
[WhiteTitle "GM"]
[BlackTitle "GM"]
[WhiteElo "2534"]
[BlackElo "2426"]
[WhiteFideId "4147103"]
[BlackFideId "13602640"]
[EventDate "2025.12.26"]

1. e4 c6 2. d4 d5 3. e5 Bf5 4. h4 h5 5. Bd3 Bxd3 6. Qxd3 Qa5+ 7. Nd2 e6 8. Nf3
Ne7 9. O-O Nf5 10. Nb3 Qa6 11. Qc3 Nd7 12. Bg5 Rc8 13. Qd2 c5 14. c3 Nb6 15.
Rfe1 Nc4 16. Qe2 Qb6 17. dxc5 Bxc5 18. Nxc5 Qxc5 19. b3 Nb6 20. Rac1 Ng3 21. Qd3
Ne4 22. Be3 Qa5 23. Nd4 O-O 24. Nb5 Qa6 25. a4 Nd7 26. Bd4 b6 27. Qd1 g6 28. f3
Nec5 29. Nd6 Nd3 30. Nxc8 Rxc8 31. Qe2 Nb8 32. Rcd1 Nxe1 33. Qxe1 Nc6 34. Bf2
Ne7 35. Be3 Qa5 36. Bg5 Nf5 37. g4 Ng7 38. Rc1 Qc5+ 39. Be3 Qa3 40. Rb1 Qa2 41.
Bd4 Qc2 42. Qd1 Qa2 43. Ra1 Qb2 44. c4 Qxa1 45. Qxa1 dxc4 46. Qc3 1-0

[Event "World Rapid Women 2025"]
[Site "Doha QAT"]
[Date "2025.12.27"]
[Round "6.3"]
[White "Vaishali, Rameshbabu"]
[Black "Lei, Tingjie"]
[Result "0-1"]
[WhiteTitle "GM"]
[BlackTitle "GM"]
[WhiteElo "2473"]
[BlackElo "2569"]
[WhiteFideId "5091756"]
[BlackFideId "8605114"]
[EventDate "2025.12.26"]

1. e4 e6 2. d4 d5 3. Nd2 c5 4. exd5 Qxd5 5. Ngf3 cxd4 6. Bc4 Qd6 7. O-O Nf6 8.
Nb3 Nc6 9. Nbxd4 Nxd4 10. Nxd4 Be7 11. b3 O-O 12. Bb2 Qf4 13. Qf3 Qxf3 14. Nxf3
Rd8 15. Rfd1 Bd7 16. Ne5 Be8 17. Be2 Nd5 18. Bf3 f6 19. Nd3 Bc6 20. a3 a5 21. c4
Nb6 22. Bxc6 bxc6 23. a4 Nd7 24. Bc3 Rdb8 25. Rab1 Rb7 26. g3 Kf7 27. Kg2 e5 28.
Rd2 e4 29. Nc1 Nc5 30. Ra2 h5 31. f3 f5 32. fxe4 Nxe4 33. Be1 Nc5 34. Bf2 Rab8
35. Bxc5 Bxc5 36. Re2 Bd4 37. Kf3 g5 38. h4 g4+ 39. Kg2 Rb4 40. Nd3 Rxb3 41.
Rxb3 Rxb3 42. Ne5+ Kf6 43. Nxc6 Bb6 44. Ne5 Bc7 45. Nd7+ Kg6 46. Ne5+ Kg7 47. c5
Rc3 48. c6 Rc5 49. Nd7 Rxc6 50. Re7+ Kg8 51. Re8+ Kf7 52. Ne5+ Kxe8 53. Nxc6 Kf7
54. Nd4 Kf6 55. Nc6 Bb6 56. Kf1 Ke6 57. Ke2 Kd6 58. Nd8 Bxd8 0-1

[Event "World Rapid Women 2025"]
[Site "Doha QAT"]
[Date "2025.12.27"]
[Round "6.4"]
[White "Khademalsharieh, Sarasadat"]
[Black "Assaubayeva, Bibisara"]
[Result "1-0"]
[WhiteTitle "IM"]
[BlackTitle "GM"]
[WhiteElo "2414"]
[BlackElo "2497"]
[WhiteFideId "12512214"]
[BlackFideId "13708694"]
[EventDate "2025.12.26"]

1. d4 Nf6 2. g3 g6 3. Bg2 c5 4. c3 Bg7 5. Nf3 O-O 6. O-O d5 7. dxc5 a5 8. a4 Na6
9. Na3 Nxc5 10. Be3 b6 11. Nb5 Bb7 12. Ne5 Nfe4 13. Nd3 e5 14. b4 axb4 15. cxb4
Ne6 16. f3 d4 17. fxe4 dxe3 18. Nb2 Nd4 19. Nc4 Ba6 20. Nxe3 Bxb5 21. axb5 Rxa1
22. Qxa1 Nxe2+ 23. Kh1 Qd3 24. Nd5 f5 25. Rd1 Qxb5 26. Qa2 Kh8 27. Bf1 Nxg3+ 28.
hxg3 Qd7 29. Bh3 Qc6 30. Qe2 f4 31. Rf1 Ra8 32. gxf4 exf4 33. Nxf4 Re8 34. Bg2
Qd6 35. Qg4 Qxb4 36. e5 Qb3 37. Bd5 Qe3 38. Qh4 h6 39. Nxg6+ Kh7 40. Be4 Kg8 41.
e6 Qe2 42. Rf2 Qe1+ 43. Kg2 Qc3 44. e7 Qd4 45. Qf4 Qc4 46. Rd2 Qc3 47. Rd8 Qb2+
48. Qf2 Qb5 49. Bd5+ Kh7 50. Be4 Kg8 51. Qa2+ Kh7 52. Ne5+ 1-0

[Event "World Rapid Women 2025"]
[Site "Doha QAT"]
[Date "2025.12.27"]
[Round "6.5"]
[White "Zhapova, Yana"]
[Black "Koneru, Humpy"]
[Result "0-1"]
[WhiteTitle "FM"]
[BlackTitle "GM"]
[WhiteElo "2260"]
[BlackElo "2535"]
[WhiteFideId "24278670"]
[BlackFideId "5008123"]
[EventDate "2025.12.26"]

1. e4 e5 2. Nf3 Nc6 3. Bc4 Bc5 4. d3 Nf6 5. Bg5 h6 6. Bh4 Be7 7. Bg3 d6 8. a4
Bg4 9. c3 Nh5 10. h3 Nxg3 11. fxg3 Be6 12. Bxe6 fxe6 13. O-O O-O 14. b4 Qe8 15.
Nbd2 Qg6 16. Kh2 a5 17. b5 Nb8 18. d4 exd4 19. cxd4 Nd7 20. Rc1 Rac8 21. Qe2 Bg5
22. Nxg5 Rxf1 23. Rxf1 Qxg5 24. Nb3 Nb6 25. Nxa5 Ra8 26. Nxb7 Rxa4 27. e5 Qe7
28. Qd2 Nc4 29. Qc2 Ne3 30. Qxa4 Nxf1+ 31. Kg1 Nxg3 32. b6 dxe5 33. dxe5 cxb6
34. Nd6 Qg5 35. Qe8+ Kh7 36. Nf7 Qe3+ 37. Kh2 Ne2 0-1